000 00212 a2200097 4500
001 26831
100 _aKeppel, A
245 _aGun running the indian N.W.F.
260 _a
_bGosha-e-Adab
_c
090 _c18064
_d18064
942 _aNUST-CAE
_cM
_c8963
999 _c261904
_d261904